• 首页
  • 本馆介绍
  • 公告通知
  • 最新文献
  • 馆藏检索
  • 电子资源
  • 读者导购
  • 参考咨询
  • 我的图书馆
  • 登录
  • 详细信息显示
  • 放入我的书架
  • 预约/预借图书
  • 作者相关作品
  • 分类相关作品
  • 丛书相关作品
  • 出版社相关作品

书目信息

  • 表格格式
  • 工作单格式
  • 卡片格式
题名:
淮南子
    
 
作者: 刘安 著
分册:  
出版信息: 北京   光明日报出版社  2014
页数: 357页
开本: 24cm
丛书名:
单 册:
中图分类: B234.42 , B234.4
科图分类:
主题词: 杂家--中国--西汉时代
电子资源:
ISBN: 978-7-5112-6312-4
000 00831nam0 2200253 450
001 2331040905
005 20231110093731.31
010    @a978-7-5112-6312-4@dCNY29.80
100    @a20150601d2014 em y0chiy50 ea
101 0  @achi
102    @aCN@b110000
105    @ay z 000yy
200 1  @a淮南子@Ahuai nan zi@f(西汉)刘安著
210    @a北京@c光明日报出版社@d2014
215    @a357页@d24cm
300    @a中华经典典藏系列
330    @a本书以道家思想为主,糅合儒家、法家、阴阳家等各个派别的思想,保存了先秦和当时思想的大量材料。它主张积极进取,对无为而治作了新的解释,对治国之道做出了有益的探索。
605    @a《淮南子》@x译文
606 0  @a杂家@y中国@z西汉时代
690    @aB234.42@v5
690    @aB234.4@v4
701  0 @c(汉)@a刘安@Aliu an@f(前179-前122)@4著
801  0 @aCN@b安徽时代@c20230923
905    @aBZT@dB234.4@e8
    
    淮南子/(西汉)刘安著.-北京:光明日报出版社,2014
    357页;24cm
    中华经典典藏系列
    
    ISBN 978-7-5112-6312-4:CNY29.80
    本书以道家思想为主,糅合儒家、法家、阴阳家等各个派别的思想,保存了先秦和当时思想的大量材料。它主张积极进取,对无为而治作了新的解释,对治国之道做出了有益的探索。
●
相关链接 在五车中查询图书 在当当中查询图书 在豆瓣中查询图书


正题名:淮南子     索取号:B234.4/8         预约/预借

序号 登录号 条形码 馆藏地/架位号 状态 备注
1 2000919931   2000919931   第四书库/四1架B面1层3列/ [索取号:B234.4/8] 在馆    
2 2000919932   2000919932   第四书库/四1架B面1层3列/ [索取号:B234.4/8] 在馆    
3 2000919933   2000919933   第四书库/四1架B面1层3列/ [索取号:B234.4/8] 在馆    
4 2000919934   2000919934   第四书库/四1架B面1层3列/ [索取号:B234.4/8] 在馆    
5 2000919935   2000919935   第四书库/四1架B面1层3列/ [索取号:B234.4/8] 在馆    
6 2000919936   2000919936   第四书库/四1架B面1层3列/ [索取号:B234.4/8] 在馆    
山东省滨州职业学院图书馆 欢迎您!
大连网信软件有限公司© 版权所有